Sanat - "Kello löi jo viisi" - Statistics

Yleistilastot
  • Tätä visaa on pelattu 366 kertaa
  • Keskiarvotulos 36 / 70
Vastaustilastot
Sanat % Oikein
herätkää!
100%
jo
100%
Kello
100%
lapset
100%
löi
100%
viisi,
100%
ja
98%
ja
98%
Juhani
97%
Liisi –
97%
matka
92%
jää.
91%
muuten
89%
Lämmin
66%
reessä
66%
reessä
66%
Tässä
65%
silmät
64%
silmät
64%
odottaa.
63%
karhuntalja
62%
huuhtokaa!
61%
vesimalja,
60%
on
52%
on
52%
aukeaa.
45%
mökin
43%
Ruuna,
43%
Miina
42%
kirkolle.
41%
Tiina,
40%
eessä
39%
kannoille!
39%
kulkee
39%
nouskaa
39%
olla
39%
Taavetti
39%
Vasta
39%
kirkkotiellä
38%
Tuossa
38%
vois!
38%
aina
37%
Tällä
37%
pois!
36%
kuu.
35%
Riemua
35%
helkkää,
34%
loistaa
34%
metsämaa.
34%
pelkkää,
34%
suu.
34%
synkkä
34%
tähdet,
34%
vielä
34%
Aisakello
33%
hymyyn
33%
käypi
33%
kaksi
32%
kynttilää.
32%
ruunan
32%
tepsuttele
32%
virsta
32%
ikkunalla
31%
joka
31%
silmäin
31%
alla
30%
talo
27%
törröttää,
26%
Mäenrinteen
23%
Siin´
2%
Ehtoja vastaavia visoja ei löytynyt
Tulosjakauma
Jokaisen tuloksen saaneiden osuus
Persentiili vastausten määrän mukaan
Tuloshistoriasi
Et ole pelannut tätä visaa